Progress Report to the International Monetary and Financial Committee on the Activities of the Independent Evaluation Office of the IMF.

This report summarizes the outcome of the IEO's evaluation of The IMF and the Crises in Greece, Ireland, and Portugal, discussed by the Executive Board on July 19, 2016, and reports on recent follow-up and ongoing IEO work.

Detaylı Bibliyografya
Müşterek Yazar: International Monetary Fund
Materyal Türü: Dergi
Dil:English
Baskı/Yayın Bilgisi: Washington, D.C. : International Monetary Fund, 2016.
Seri Bilgileri:Policy Papers; Policy Paper ; No. 2016/026
Konular:
Online Erişim:Full text available on IMF
LEADER 01347cas a2200253 a 4500
001 AALejournalIMF020562
008 230101c9999 xx r poo 0 0eng d
020 |c 5.00 USD 
020 |z 9781498345217 
022 |a 2663-3493 
040 |a BD-DhAAL  |c BD-DhAAL 
110 2 |a International Monetary Fund. 
245 1 0 |a Progress Report to the International Monetary and Financial Committee on the Activities of the Independent Evaluation Office of the IMF. 
264 1 |a Washington, D.C. :  |b International Monetary Fund,  |c 2016. 
300 |a 1 online resource (2 pages) 
490 1 |a Policy Papers 
500 |a <strong>Off-Campus Access:</strong> No User ID or Password Required 
500 |a <strong>On-Campus Access:</strong> No User ID or Password Required 
506 |a Electronic access restricted to authorized BRAC University faculty, staff and students 
520 3 |a This report summarizes the outcome of the IEO's evaluation of The IMF and the Crises in Greece, Ireland, and Portugal, discussed by the Executive Board on July 19, 2016, and reports on recent follow-up and ongoing IEO work. 
538 |a Mode of access: Internet 
651 7 |a Greece  |2 imf 
830 0 |a Policy Papers; Policy Paper ;  |v No. 2016/026 
856 4 0 |z Full text available on IMF  |u http://elibrary.imf.org/view/journals/007/2016/026/007.2016.issue-026-en.xml  |z IMF e-Library